LEADER 00989cam0-22003611i-450- 001 990001050350403321 005 20111130174241.0 035 $a000105035 035 $aFED01000105035 035 $a(Aleph)000105035FED01 035 $a000105035 100 $a20001205d1964----km-y0itay50------ba 101 0 $aeng 102 $aUS 105 $aa-------001yy 200 1 $aLectures on elementary number theory$fby Hans Rademacher 210 $aNew York$cBlaisdell$d1964 215 $aIX, 146 p.$cill.$d24 cm 225 1 $a<>Blaisdell book in the pure and applied sciences 610 0 $aAritmetica 610 0 $aTeoria dei numeri 676 $a513 676 $a512 700 1$aRademacher,$bHans$050040 801 0$aIT$bUNINA$gRICA$2UNIMARC 901 $aBK 912 $a990001050350403321 952 $a9-019$b4015$fFI1 952 $aMXXXIII-A-42$b033027$fMAS 959 $aFI1 959 $aMAS 996 $aLectures on elementary number theory$9340991 997 $aUNINA LEADER 00794nam 2200229z- 450 001 996339122403316 005 20190702173910.0 035 $a(CKB)4330000000017792 035 $a(EXLCZ)994330000000017792 100 $a20160816c1997uuuu -u- - 101 0 $aeng 200 14$aThe elementary math teacher's book of lists $ewith ready-to-use patterns and worksheets /$fSonia M. Helton, Stephen J. Micklo 311 $a0-87628-131-5 606 $aMathematics$xStudy and teaching (Elementary) 615 0$aMathematics$xStudy and teaching (Elementary) 676 $a372.7/044 700 $aHelton$b Sonia M.$f1937-$01232071 701 $aMicklo$b Stephen J$01232072 906 $aBOOK 912 $a996339122403316 996 $aThe elementary math teacher's book of lists$92860747 997 $aUNISA